Glossary of caulk, sealant, adhesive, paint, coating and related terms
El siguiente folleto provee informacin̤ sobre třminos utilizados en la industria qum̕ica de transformacin̤ como lo son las pinturas, recubrimientos, adhesivos, selladores, etc.
Guardat en:
| Altres autors: | |
|---|---|
| Format: | Llibre |
| Idioma: | anglès |
| Matèries: | |
| Accés en línia: | Glossary of caulk, sealant, adhesive, paint, coating and related terms |
| Etiquetes: |
Afegir etiqueta
Sense etiquetes, Sigues el primer a etiquetar aquest registre!
|
MARC
| LEADER | 00000nam a22000004a 4500 | ||
|---|---|---|---|
| 001 | vpro3672 | ||
| 005 | 20201223000000.0 | ||
| 008 | s2010 ck # g## #001 0#eng#d | ||
| 020 | |||
| 022 | |||
| 040 | |a CO-BoINGC | ||
| 041 | 0 | |a eng | |
| 245 | 1 | 0 | |a Glossary of caulk, sealant, adhesive, paint, coating and related terms |
| 246 | |a Glosario de calafateo, selladores, adhesivos, pintura, recubrimientos y třminos similares | ||
| 264 | |a Bogot ̀(Colombia) : |b Revista VirtualPRO, |c 2010 | ||
| 520 | 3 | |a El siguiente folleto provee informacin̤ sobre třminos utilizados en la industria qum̕ica de transformacin̤ como lo son las pinturas, recubrimientos, adhesivos, selladores, etc. | |
| 650 | \ | \ | |a Materiales de recubrimiento |
| 650 | \ | \ | |a Recubrimientos no metl̀icos |
| 650 | \ | \ | |a Pinturas (Pigmentos) |
| 650 | \ | \ | |a Barnices |
| 650 | \ | \ | |a Coating materials |
| 650 | \ | \ | |a Nonmetallic coatings |
| 650 | \ | \ | |a Paint |
| 650 | \ | \ | |a Varnish and varnishing |
| 650 | \ | \ | |a Calafateo |
| 650 | \ | \ | |a Selladores |
| 650 | \ | \ | |a Adhesivos |
| 650 | \ | \ | |a Pintura |
| 650 | \ | \ | |a Recubrimientos |
| 650 | \ | \ | |a Glosario |
| 650 | \ | \ | |a Caulk |
| 650 | \ | \ | |a Sealant |
| 650 | \ | \ | |a Adhesive |
| 650 | \ | \ | |a Paint |
| 650 | \ | \ | |a Coating |
| 650 | \ | \ | |a Glossary |
| 700 | \ | \ | |a Red Devil Inc. |
| 856 | |z Glossary of caulk, sealant, adhesive, paint, coating and related terms |u https://virtualpro.unach.elogim.com/biblioteca/glosario-de-calafateo-selladores-adhesivos-pintura-recubrimientos-y-terminos-similares | ||